| 000 | 01261nam a22002417a 4500 | ||
|---|---|---|---|
| 003 | UA-OsUOA | ||
| 001 | 135142 | ||
| 007 | ta | ||
| 008 | 20190109b un ||||| |||| 00| 0 ukr d | ||
| 090 | _bE-78 | ||
| 942 | _cMGN | ||
| 040 |
_aUA-OsUOA _beng _cUA-OsUOA _dUA-OsUOA |
||
| 245 |
_aEuropean Quarterly of Political Attitudes and Mentalities _bAccess Peer-Reviewed Research Journal in Political Culture Analysis, Modeling and Simulation _cEditor-in-Chief: Camelia FlorelaEditor-in-Chief: Camelia Florela Voinea, University of Bucharest, Romania |
||
| 955 | _a1 | ||
| 041 | _aeng | ||
| 022 | _a2285 - 4916 | ||
| 856 | 4 | 0 | _uhttps://sites.google.com/a/fspub.unibuc.ro/european-quarterly-of-political-attitudes-and-mentalities/Home/archive-eqpam_volume6_no2-april2017 |
| 520 | 3 | _aEQPAM promotes interdisciplinary research in Political Analysis, Computational Modeling and Simulation with a special focus on the Eastern European political cultures. EQPAM is published by the European Research Group on Political Attitudes and Me | |
| 520 | 3 | _antalities, EPAMEQPAM acknowledges the contribution of the Faculty of Political Science, University of Bucharest, in providing web server and file space for this journa | |
| 260 | _c2017 | ||
| 246 | 3 | 1 |
_a2 _n |
| 650 | 7 | _2UDC | |
| 999 |
_c408301 _d408301 |
||